LEADER 01765nam a2200349 u 4500 001 000000107049 003 CaOOAMICUS 005 20100107120109.0 008 070914s1989 vc u000 u ita u 020 $a88-209-1634-7 040 $aPUL$bita$dPG 110 2 $aCongregazione per la dottrina della fede.$0(OLS)http://pul/name/3881 245 10$aDichiarazione "Mysterium Filii Dei" (21 febbraio 1972) /$cpresentazione S. E. Mons. Alberto Bovone ; introduzione S. EM. il cardinale Joseph Ratzinger ; commenti U. Betti ... [et al.]. 260 $aCittą del Vaticano :$bLibreria editrice vaticana,$c1989. 300 $a62 p. ;$c21 cm. 490 1 $aDocumenti e studi ;$v1 650 4$aDottrina cristiana.$0(OLS)http://pul/subject/2024 700 0 $aBenedictus PP.$bXVI,$d1927-2022.$0(OLS)http://pul/name/14991 700 1 $aBovone, Alberto,$carciv. tit. di Cesarea di Numidia,$d1922-$0(OLS)http://pul/name/3882 830 0$aDocumenti e studi (Libreria editrice vaticana) ;$v1.$0(OLS)http://pul/title/5461 850 $aPUL 852 $aPUL$W1$xSL Religione 1$y3$m65 C 39$j121288$qStampati$B120383$CPULBib$Z2$F120383 $H63104 $82 900 $aRatzinger, Joseph,$ccard.,$d1927-2022$914991 900 $aBenedetto XVI,$cpapa,$d1927-$914991 910 $aSant'Uffizio$93881 910 $aCongregatio pro doctrina fidei$93881 910 $aPapi (2005-2013 : Benedictus PP. XVI)$914991 910 $aPapi (2005-2013 : Benedictus PP. XVI)$914991 941 1 $a8 996 $6020$a88-209-1634-7$9(OLS)http://pul/number/135663 996 $6245$aDichiarazione "Mysterium Filii Dei" (21 febbraio 1972)$9(OLS)http://pul/title/134804 996 $6260$aCittą del Vaticano :$bLibreria editrice vaticana$9(OLS)http://pul/publisher/47920 LEADER 01955nam a2200373 a 4500 001 000000156692 003 CaOOAMICUS 005 20230529133337.0 008 161124s1989 it u000 u eng r 032 $aLibriCat 040 $aPUL$bita 100 1 $aJaeger, D.-M. A.$0(OLS)http://pul/name/15199 245 10$aPaul VI in defence of christian rights in the Holy Land / $cDavid-Maria A. Jaeger . 260 $aRomae :$b[s.n.],$c1989. 300 $axxx, 56 p. ;$c24 cm. 500 $a Sul front.: Pars dissertationis cuius nomen: The Roman Pontiffs in defence of christian rights in the Holy Land: from "Causa Nobis" to "Redemptionis Anno" (1921-1984). 502 $aEstratto da Tesi -- Pontificium Athenaeum Antonianum. Facultas Juris Canonici. 1989. 504 $aBibliografia in nota. 600 04$aPaulus PP.$bVI,$csanto,$d1897-1978.$0(OLS)http://pul/subject/5648 651 4$aTerra Santa$xStoria.$0(OLS)http://pul/subject/34132 710 2 $aPontificio Ateneo Antoniano.$bFacoltą di Diritto Canonico.$kTesi.$0(OLS)http://pul/name/99826 850 $aPUL 852 $aPUL$W1$xDP1 Tesi Pon. At. Antonianum$y30$mTH ANT IUS95$j179980$qTesi$B183103$CPULBib$Z2$F183103 $H62902 $82 910 $aPontificia Universitą Antonianum.$bFacoltą di diritto canonico.$kTesi$999826 910 $aPontificia Universitą Antonianum.$bFacoltą di diritto canonico.$kTesi$999826 910 $aPontificium Athenaeum Antonianum.$bFacultas Iuris Canonici$kTesi$999826 941 1 $a16 960 $aPapi (1963-1978 : Paulus PP. VI)$95648 960 $aPapi (1963-1978 : Paulus PP. VI)$95648 960 $aPaolo VI,$cpapa, b.,$d1897-1978$95648 960 $aMontini, Giovanni Battista,$cb.,$d1897-1978$95648 996 $6245$aPaul VI in defence of christian rights in the Holy Land / $9(OLS)http://pul/title/196304 996 $6260$aRomae :$b[s.n.]$9(OLS)http://pul/publisher/48223